000 00707nam a2200241 i 4500
001 C2-0302776
003 PPAK
005 20180728083820.0
008 100210s2008 nyua|||| ||||| | eng d
020 _a9781400066445
040 _aPPAK
_beng
_cPPAK
_erda
082 0 4 _a333.72092
_223
090 0 0 _a333.72092
_bFIN
_dLCK
100 1 _aFine, Doug,
_eauthor
245 1 0 _aFarewell, my Subaru :
_ban epic advanture in local living
264 1 _aNew York :
_bVillard ,
_c2008
300 _a210 pages . :
_billustrations ;
_c22 cm
336 _2rdacontent
_atext
337 _2rdamedia
_aunmediated
338 _2rdacarrier
_avolume
650 1 0 _aEnvironmentalism-New Mexico-Biography.
942 _ddc
_cB
999 _c106318
_d106318